ISO 9000 Forum Application Symposium (Record no. 612367)
[ view plain ]
| 000 -LEADER | |
|---|---|
| fixed length control field | 00337nam a22001217a 4500 |
| 040 ## - CATALOGING SOURCE | |
| Transcribing agency | Nust |
| 082 ## - DEWEY DECIMAL CLASSIFICATION NUMBER | |
| Classification number | 658(PS) |
| Author Mark | INT'E |
| 100 ## - MAIN ENTRY--PERSONAL NAME | |
| Personal name | INT'E |
| 9 (RLIN) | 126994 |
| 245 ## - TITLE STATEMENT | |
| Title | ISO 9000 Forum Application Symposium |
| 260 ## - PUBLICATION, DISTRIBUTION, ETC. | |
| Place of publication, distribution, etc. | New Delhi: |
| Name of publisher, distributor, etc. | Allied Publishers Ltd, |
| Date of publication, distribution, etc. | 1994. |
| 650 ## - SUBJECT ADDED ENTRY--TOPICAL TERM | |
| Topical term or geographic name entry element | ISO 9000 Forum Application Symposium |
| 9 (RLIN) | 126995 |
| 942 ## - ADDED ENTRY ELEMENTS (KOHA) | |
| Source of classification or shelving scheme | |
| Koha item type | Book |
| Withdrawn status | Lost status | Source of classification or shelving scheme | Damaged status | Not for loan | Permanent Location | Current Location | Shelving location | Date acquired | Total Checkouts | Full call number | Barcode | Date last seen | Price effective from | Koha item type |
|---|---|---|---|---|---|---|---|---|---|---|---|---|---|---|
| College of Electrical & Mechanical Engineering (CEME) | College of Electrical & Mechanical Engineering (CEME) | General Stacks | 12/03/2024 | 658(PS) INT'E | CEME- 29315 | 12/03/2024 | 12/03/2024 | Book | ||||||
| College of Electrical & Mechanical Engineering (CEME) | College of Electrical & Mechanical Engineering (CEME) | General Stacks | 12/03/2024 | 658(PS) INT'E | CEME- 29316 | 12/03/2024 | 12/03/2024 | Book |
